Water distribution systems handbook.

Na minha lista:
Detalhes bibliográficos
Formato: Livro
Idioma:English
Publicado em: New York : McGraw-Hill, 2000.
Assuntos:
Tags: Adicionar Tag
Sem tags, seja o primeiro a adicionar uma tag!
Thư viện lưu trữ: Mạng thư viện Đại học Đà Nẵng
LEADER 00850cam a2200325 i 4500
001 000046245
003 5704
005 20030217111534.0
008 010220|2000 vm 000 eng
020 |a 0071342133 
040 |a IRC  |c IRC  |d IRC 
041 0 |a eng 
082 1 4 |a 628.144  |b Wa-D 
245 0 0 |a Water distribution systems handbook. 
260 |a New York :  |b McGraw-Hill,  |c 2000. 
300 |a 1v. (various pagings) :  |b ill. 
630 0 4 |a Water-supply. 
630 0 4 |a Water. 
650 0 4 |a Water-supply engineering  |v Handbooks, manuals, etc. 
650 0 4 |a Water  |x Distribution  |v Handbooks, manuals, etc. 
OWN |a DUT 
999 |a From the UDN01 
TYP |a Monograph 
TYP |a Printed language 
980 |a Mạng thư viện Đại học Đà Nẵng